| 000 | 01087nam a2200133Ia 4500 | ||
|---|---|---|---|
| 008 | 220615s9999||||xx |||||||||||||| ||und|| | ||
| 020 | _a9783040000000 | ||
| 245 | 4 | _aThe Effects of Mycotoxins on Human and Animal Health—a Special Focus on the Cellular and Molecular Mechanisms Responsible for Mycotoxin Toxicity | |
| 546 | _aEnglish[eng] | ||
| 650 | _aaflatoxin B1||grape seed meal||mesenteric lymph nodes||piglets||antioxidant effect||feed additives||mycotoxins||CYPs gene expression||vimentin||CD10||MNF 116||renal cell cancer||urothelial cancer||testicular cancer||immunohistochemistry||ochratoxin A||cell culture||energy metabolism||apoptosis-necrosis balance||mitochondria||patulin||cadmium||synergistic toxicity||oxidative stress||JNK1||p53||zearalenone||metabolites||innate immunity||cell immunity||humoral immunity||deoxynivalenol||PCV2||IL-1β||IL-6||MAPK||mycotoxin||NLRP3 inflammasome||macrophages||CYPs protein expression||CYPs enzyme activity | ||
| 700 | _aMarin, Daniela Eliza||Taranu, Ionelia | ||
| 856 | _uhttps://mdpi.com/books/pdfview/book/4932 | ||
| 942 | _cEB | ||
| 999 |
_c14234 _d14234 |
||